01918nam a2200421 a 4500001001200000003000800012006001900020007001500039008004100054010001700095020003500112040002100147035002100168043002100189050002500210082001500235100003600250245011000286260005800396300001400454490002800468504005800496520033900554533015200893650002801045650003601073650003101109650002601140650002401166651002201190651002101212655002901233700002001262710001701282830005401299856012601353999001701479ebr10271402CaPaEBRm u cr cn|||||||||041020r20051861enk sb 000 1 eng  z 2004024328 z0192804626 (pbk. : alk. paper) aCaPaEBRcCaPaEBR a(OCoLC)252695765 ae-uk-enae-fr---14aPR5842.W8bE3 2005eb04a823/.82221 aWood, Henry,cMrs.,d1814-1887.10aEast Lynneh[electronic resource] /cEllen Wood ; edited with an introduction and notes by Elisabeth Jay. aOxford ;aNew York :bOxford University Press,c2005. al, 644 p.1 aOxford world's classics aIncludes bibliographical references (p. [xliv]-xlvi). a"This book looks at the anxieties of the Victorian middle classes who feared a breakdown of the social order as divorce became more readily available and promiscuity threatened the sanctity of the family. In this novel the simple act of hiring a governess raises the spectres of murder, disguise, and adultery"--Provided by publisher. aElectronic reproduction.bPalo Alto, Calif. :cebrary,d2013.nAvailable via World Wide Web.nAccess may be limited to ebrary affiliated libraries. 0aRunaway wivesvFiction. 0aIllegitimate childrenvFiction. 0aAccident victimsvFiction. 0aGovernessesvFiction. 0aSeductionvFiction. 0aEnglandvFiction. 0aFrancevFiction. 7aElectronic books.2local1 aJay, Elisabeth.2 aebrary, Inc. 0aOxford world's classics (Oxford University Press)40uhttp://site.ebrary.com/lib/rucke/Doc?id=10271402zAn electronic book accessible through the World Wide Web; click to view c22117d22117